The sound of things falling (Record no. 36316)

MARC details
000 -LEADER
fixed length control field 00561nam a2200181Ia 4500
020 ## - INTERNATIONAL STANDARD BOOK NUMBER
ISBN 9781594487484
050 ## - CALL MARK
Classification number PQ8180.32.A797 V37/
100 ## - STATEMENT OF RESPONSIBILITY--MAIN AUTHOR NAME
Personal name Vásquez, Juan Gabriel.
245 #4 - TITLE STATEMENT
Title The sound of things falling
260 ## - PUBLICATION, DISTRIBUTION, ETC. (IMPRINT)
Place of publication New York
260 ## - PUBLICATION, DISTRIBUTION, ETC. (IMPRINT)
Name of publisher Riverhead Books, a member of Penguin Group (USA) Inc.
260 ## - PUBLICATION, DISTRIBUTION, ETC. (IMPRINT)
Year of publication 2013
300 ## - PHYSICAL DESCRIPTION
Number of Pages 270 p
650 ## - SUBJECT ADDED ENTRY--TOPICAL TERM
Topical Term Drug traffic--Colombia--Fiction. Male friendship--Fiction. Colombia--History--Fiction.
942 ## - ADDED ENTRY ELEMENTS (KOHA)
Koha item type Books
Holdings
Withdrawn status Lost status Source of classification or shelving scheme Damaged status Not for loan Permanent Location Current Location Date acquired Accession Number Price effective from Koha item type
    Library of Congress Classification     NILE UNIVERSITY OF NIGERIA - MAIN LIBRARY NILE UNIVERSITY OF NIGERIA - MAIN LIBRARY 04/23/2025 0195277 04/23/2025 Books